Quantum field theory and critical phenomena
Αποθηκεύτηκε σε:
| Κύριος συγγραφέας: | |
|---|---|
| Μορφή: | Βιβλίο |
| Γλώσσα: | English |
| Δημοσίευση: |
Oxford :
Clarendon Press,
1996
|
| Έκδοση: | 3rd ed. |
| Σειρά: | International series of monographs on physics ;
; 85 |
| Θέματα: | |
| Ετικέτες: |
Προσθήκη ετικέτας
Δεν υπάρχουν, Καταχωρήστε ετικέτα πρώτοι!
|
MARC
| LEADER | 00000nam a2200000 i 4500 | ||
|---|---|---|---|
| 001 | 1/75289 | ||
| 008 | 990524s1996 eng d | ||
| 020 | |a 0-19-851882-X | ||
| 035 | |l 10049303 | ||
| 040 | |a GR-MY-UA |b gre |e aacr | ||
| 041 | 0 | |a eng | |
| 082 | 0 | |a 530.143 | |
| 100 | 1 | |a Zinn-Justin, Jean. | |
| 245 | 1 | 0 | |a Quantum field theory and critical phenomena / |c Jean Zinn- Justin |
| 250 | |a 3rd ed. | ||
| 260 | |a Oxford : |b Clarendon Press, |c 1996 | ||
| 300 | |a xxii, 1008 p.; |b ill.; |c 26 cm. | ||
| 490 | 1 | |a International series of monographs on physics |v ; 85 | |
| 500 | |a includes bibliographical references and index | ||
| 650 | 0 | 0 | |a Quantum field theory. |
| 650 | 0 | 0 | |a Critical phenomena (Physics) |
| 650 | 0 | 0 | |a Renormalization (Physics) |
| 830 | 0 | |a International series of monographs on physics ; |v ; 85 | |
| 852 | |a INST |b SAMOS |e 19990524 |h 530.143 ZIN |p 005300024426 |q 005300024426 |t BK |y 0 | ||
| 901 | |a BIBL3-1999-2 | ||
| 909 | |a Σ |b 063790 | ||
| 922 | |a 3ΕΛΗ |b 199901 |c ΚΠΣ |d GLORY | ||
| 950 | |a 116-1998-08-10 | ||